000 00702cam a2200229 4500
001 B2435
008 090401t1989 xxu||||| |||| 00| 0 eng d
035 _a(Sirsi) u50004
041 _aeng
050 _a690.25
110 _aBuilding Research Establishment
245 _aExternal masonry painting.
260 _aGarston,Watford
_bBuilding Research Establishment
_c1989
300 _a1 sheet : ill. ; 30cm.
350 _a0
490 _aDefect Action Sheet
_v135 (Design)
490 _aDAS
_v135
650 _aBUILT ENVIRONMENT-BUILDING ELEMENTS-COMPLETE BUILDING ELEMENTS-WALLS-EXTERNAL WALLS
690 _aBUILDING AND CONSTRUCTION-DEFECTS AND FAILURES
942 _n0
948 _c04/03/1997
999 _c92639
_d92639